| 000 | 00316nam a2200121 i 4500 | ||
|---|---|---|---|
| 001 | bg | ||
| 245 | 0 |
_aEncyclopedia of linguistics, information and control / _cEd. A.R. Meetham, R.A. Hudson. |
|
| 260 |
_aOxford, _c1969. |
||
| 040 | _cBPK | ||
| 041 | _apol | ||
| 942 | _cKS | ||
| 008 | s pl f |000 0 pol | ||
| 999 |
_c27153 _d27153 |
||
| 856 |
_uhttp://koha.tu.koszalin.pl/cgi-bin/koha/opac-detail.pl?biblionumber=27153 _yKatalog online BPK |
||